Bienvenue à la Médiathèque de Saint-Andiol
banniere
Accueil Recherche avancée Mon compte
handi1 Rechercher dans le catalogue

Filtre   Mots-clés
  Recherche avancée
 
Lister les dernières nouveautés
 
Lister les livres GROS CARACTERES
 
Lister les périodiques (magazines)

handi1 chantier (Le)

Book Cover
Auteur principal : Jean-Michel Billioud
Autres auteurs : Pierre Caillou
Titre : chantier (Le)
Support : Livres
Langue : Francais
Genre : Documentaire
Sujets :
Étiquettes :
Pas de tags
LEADER 00735nam0a2200217 450
001 16867626
010 |a 978-2-09-253983-5  |b cart.  |d 6,3 € 
100 |a 20130524d2013 u u0frey01 ba 
101 0 |a fre 
102 |a FR 
200 0 |a chantier (Le)  |f Jean-Michel Billioud  |g illustrations Pierre Caillou 
207 1 |a   
215 |a 1 vol. (32 p.)  |d 25 cm 
606 0 |a Chantiers de construction  |x Ouvrages pour la jeunesse 
606 0 |a Travaux publics  |x Ouvrages pour la jeunesse 
676 |a 624 
700 0 |a Billioud  |b Jean-Michel  |f 1964-....  |4 70 
701 0 |a Caillou  |b Pierre  |4 440 
900 |a Documentaire 
901 |a Jeunesse 
995 |a Médiathèque  |c Médiathèque  |f 00156008143505  |h 00156008143505  |k E 624 BIL  |o p  |q j  |r az  |e Médiathèque